| 000 | 01199nam a22002537a 4500 | ||
|---|---|---|---|
| 005 | 20170124103119.0 | ||
| 010 | _aA-586211 | ||
| 020 | _c60.00 | ||
| 035 | _aA-586211 | ||
| 037 | _bCen Lib/Ret | ||
| 040 |
_aDPL _bHN |
||
| 082 |
_a363.73 _bचन्दोला |
||
| 100 |
_aचन्दोला, प्रेमानन्द _943015 |
||
| 245 |
_aप्रदूषण : पृथ्वी का ग्रहण / _cप्रेमानन्द चन्दोला |
||
| 246 |
_aPradooshan : prithvi ka grehan / _bby Premanand Chandola |
||
| 260 |
_aदिल्ली _bहिमाचल पुस्तक भंडार _c1993 |
||
| 270 |
_bदिल्ली _aसरस्वती भंडार, गांधीनगर _e110031 |
||
| 300 |
_a138पृ. : _c20सेमी(सजिल्द) _bसचित्र |
||
| 650 |
_aआधुनिक युग -- घातक और प्रदूषक _952357 |
||
| 650 |
_aपर्यावरण एवं प्रदूषण _950321 |
||
| 650 |
_aModern Era - fatal and pollutant _981541 |
||
| 650 |
_aEnvironment and Pollution _950155 |
||
| 942 |
_2ddc _cHN _h363.73 _mचन्दोला |
||
| 999 |
_c118705 _d118705 |
||